[Event "Ju Wenjun-B"]
[Site "Gatineau CAN"]
[Date "2023.11.21"]
[Round "4"]
[White "Arcand, Pierre"]
[Black "Piche, Danielle"]
[Result "1-0"]
[WhiteElo "1193"]
[BlackElo "933"]
[PlyCount "90"]
[EventDate "2023.10.31"]
[EventType "swiss"]
[EventRounds "7"]
[EventCountry "CAN"]

1. e4 d5 2. exd5 Qxd5 3. Nc3 Qa5 4. Nf3 Nf6 5. d3 Bf5 6. Bd2 c6 7. Be2 e6 8.
O-O Be7 9. Ne4 Qc7 10. Nxf6+ Bxf6 11. Rb1 O-O 12. h3 Nd7 13. Bb4 Rfe8 14. Qd2
a5 15. Bc3 h6 16. Bxf6 Nxf6 17. Nd4 Bg6 18. Bf3 c5 19. Nb5 Qb6 20. a4 Rad8 21.
Qc1 Nd5 22. Re1 Nc7 23. Nc3 Qb4 24. Ra1 Nd5 25. Nxd5 exd5 26. Rxe8+ Rxe8 27.
Bxd5 b6 28. Bc4 Re2 29. b3 Qc3 30. Qf4 Re1+ 31. Rxe1 Qxe1+ 32. Kh2 Qe2 33. Qb8+
Kh7 34. Qxb6 Qxc2 35. Qxa5 Qxf2 36. Qc7 f6 37. Qb8 Bf5 38. Qg8+ Kg6 39. Bf7+
Kg5 40. Qxg7+ Kf4 41. Bc4 Bxh3 42. Qxf6+ Ke3 43. Qxf2+ Kxf2 44. Kxh3 Ke3 45. a5
Kd4 1-0

[Event "Ju Wenjun-B"]
[Site "Gatineau CAN"]
[Date "2023.11.21"]
[Round "4"]
[White "Chenard, Paul"]
[Black "Ballan, Alexis"]
[Result "1-0"]
[WhiteElo "927"]
[BlackElo "1330"]
[PlyCount "71"]
[EventDate "2023.10.31"]
[EventType "swiss"]
[EventRounds "7"]
[EventCountry "CAN"]

1. e4 d5 2. Nc3 dxe4 3. Nxe4 e5 4. Nf3 Nc6 5. c3 Nf6 6. d3 Nxe4 7. dxe4 Qxd1+
8. Kxd1 Bc5 9. Be3 Bxe3 10. fxe3 O-O 11. Kc2 f5 12. Bc4+ Kh8 13. Rad1 h6 14.
Nh4 Ne7 15. exf5 Nxf5 16. Ng6+ Kh7 17. Nxf8+ Kh8 18. Rd8 Nxe3+ 19. Kd3 Nxc4 20.
Ng6+ Kh7 21. Nf8+ Kh8 22. Kxc4 b5+ 23. Kc5 a5 24. Ne6+ Kh7 25. Nxc7 Rb8 26. Rf1
e4 27. Rff8 e3 28. Rh8+ Kg6 29. Rd6+ Kf5 30. Rf8+ Ke4 31. Re8+ Kf4 32. Nd5+ Kf5
33. Nxe3+ Kg5 34. Re5+ Kf4 35. Kd4 Bb7 36. Rf5# 1-0

[Event "Ju Wenjun-B"]
[Site "Gatineau CAN"]
[Date "2023.11.30"]
[Round "5"]
[White "Ballan, Alexis"]
[Black "Matkovsky, Taras"]
[Result "0-1"]
[WhiteElo "1330"]
[BlackElo "1240"]
[PlyCount "110"]
[EventDate "2023.10.31"]
[EventType "swiss"]
[EventRounds "7"]
[EventCountry "CAN"]

1. e4 c5 2. Nf3 Nc6 3. d4 cxd4 4. Nxd4 Nf6 5. Nc3 e5 6. Nxc6 bxc6 7. Bc4 Bb4 8.
Bd2 O-O 9. a3 Bxc3 10. Bxc3 Nxe4 11. Qf3 Nxc3 12. Qxc3 d5 13. Ba2 Qc7 14. O-O
Bg4 15. Bxd5 Rac8 16. Ba2 Rcd8 17. Rfe1 Rfe8 18. Re4 Bf5 19. Re3 e4 20. Rae1
Qe5 21. Qxe5 Rxe5 22. f3 Rde8 23. c3 g5 24. fxe4 Rxe4 25. Rxe4 Rxe4 26. Rxe4
Bxe4 27. Kf2 Kg7 28. g3 f5 29. b4 h5 30. Ke3 Kf6 31. c4 Ke5 32. b5 h4 33. gxh4
f4+ 34. Kf2 g4 35. a4 Kd4 36. h5 c5 37. a5 Ke5 38. Bb3 Kd6 39. Bd1 Bf5 40. h6
Kc7 41. Kg2 Be4+ 42. Kf2 Bf5 43. h7 Bxh7 44. Bxg4 Bg8 45. Be2 Kd6 46. Kf3 Ke5
47. b6 axb6 48. axb6 Bh7 49. Kf2 Kd6 50. Bf3 Bg8 51. Bd5 Bxd5 52. cxd5 c4 53.
b7 Kc7 54. d6+ Kxb7 55. d7 Kc7 0-1

[Event "Ju Wenjun-B"]
[Site "Gatineau CAN"]
[Date "2023.11.28"]
[Round "5"]
[White "Chenard, Paul"]
[Black "Simard, Paul"]
[Result "0-1"]
[WhiteElo "927"]
[BlackElo "1274"]
[PlyCount "58"]
[EventDate "2023.10.31"]
[EventType "swiss"]
[EventRounds "7"]
[EventCountry "CAN"]

1. e4 c5 2. Bc4 Nc6 3. Nf3 e6 4. d3 Nf6 5. h3 a6 6. O-O b5 7. Bb3 Be7 8. e5 Nd5
9. c4 bxc4 10. Bxc4 O-O 11. Nbd2 Qc7 12. Re1 d6 13. exd6 Bxd6 14. Ne4 Be7 15.
g3 h6 16. Nc3 Nxc3 17. bxc3 Bf6 18. Bf4 e5 19. Nxe5 Nxe5 20. Bd5 Rb8 21. d4
cxd4 22. cxd4 Re8 23. Rc1 Qd6 24. Rc5 Bxh3 25. Be4 Bg4 26. Qc1 Qxd4 27. Be3
Qxe4 28. Bxh6 Nf3+ 29. Kf1 Bh3# 0-1

[Event "Ju Wenjun-B"]
[Site "Gatineau CAN"]
[Date "2023.11.30"]
[Round "5"]
[White "Gagne, Raphael"]
[Black "Hamelin, Joran"]
[Result "1-0"]
[WhiteElo "1184"]
[BlackElo "974"]
[PlyCount "53"]
[EventDate "2023.10.31"]
[EventType "swiss"]
[EventRounds "7"]
[EventCountry "CAN"]

1. d4 d5 2. Bf4 Nc6 3. e3 Nf6 4. Nd2 Bg4 5. f3 Bf5 6. c4 Nb4 7. Qa4+ Qd7 8.
Qxb4 Rb8 9. cxd5 Nxd5 10. Qb3 Nxf4 11. exf4 Qxd4 12. Qb5+ Qd7 13. Qxd7+ Bxd7
14. Bc4 b5 15. Bb3 e6 16. Ne2 Bc6 17. Rc1 Bd5 18. Rxc7 Bxb3 19. Nxb3 Rd8 20.
Rxa7 Bb4+ 21. Kf2 O-O 22. Rc1 Bd2 23. Rcc7 Rd3 24. Rd7 Rd8 25. Rxd3 Rxd3 26.
Ra8+ Rd8 27. Rxd8# 1-0

[Event "Ju Wenjun-B"]
[Site "Gatineau CAN"]
[Date "2023.11.28"]
[Round "5"]
[White "Laflamme, Mathieu"]
[Black "Arvisais, Eric"]
[Result "0-1"]
[WhiteElo "1375"]
[BlackElo "1313"]
[PlyCount "92"]
[EventDate "2023.10.31"]
[EventType "swiss"]
[EventRounds "7"]
[EventCountry "CAN"]
[TimeControl "1"]

1. d4 f5 2. Nf3 e6 3. g3 Nf6 4. Bg2 Nc6 5. O-O Be7 6. b3 d5 7. Bb2 b6 8. Nbd2
Ba6 9. Rc1 O-O 10. c4 Qd6 11. Re1 h6 12. Qc2 f4 13. cxd5 Nb4 14. Qxc7 Nbxd5 15.
Qxd6 Bxd6 16. Nc4 Be7 17. Nce5 Bb4 18. Red1 Bxe2 19. Ng6 Rfe8 20. Nxf4 Nxf4 21.
gxf4 Bxd1 22. Rxd1 Rac8 23. Ne5 Rc2 24. Nd3 Bf8 25. Bh3 Nd5 26. Ba1 Rxa2 27. f5
exf5 28. Bxf5 Ree2 29. Rc1 Rec2 30. Re1 Re2 31. Rc1 Rac2 32. Be6+ Rxe6 33. Rxc2
Rg6+ 34. Kf1 a5 35. Rc8 Rf6 36. Ne5 Ne3+ 37. Kg1 Nd1 38. Nd7 Rxf2 39. Nxb6 Ra2
40. Nd7 Rxa1 41. Nxf8 Kf7 42. Nd7 Ne3+ 43. Kf2 Ng4+ 44. Kg3 Rg1+ 45. Kh3 Nf2+
46. Kh4 Rg4+ 0-1

[Event "Ju Wenjun-B"]
[Site "Gatineau CAN"]
[Date "2023.12.05"]
[Round "6"]
[White "Gagne, Learry"]
[Black "Chenard, Paul"]
[Result "1-0"]
[WhiteElo "1238"]
[BlackElo "927"]
[PlyCount "50"]
[EventDate "2023.10.31"]
[EventType "swiss"]
[EventRounds "7"]
[EventCountry "CAN"]

1. e4 e5 2. Nf3 Nc6 3. Bb5 a6 4. Ba4 b5 5. Bb3 Nf6 6. O-O Bc5 7. d3 d6 8. h3 h6
9. Re1 Nd4 10. c3 Nxb3 11. Qxb3 Be6 12. Qd1 Nh5 13. d4 exd4 14. cxd4 Bb6 15. a3
O-O 16. Nc3 c6 17. Be3 d5 18. Ne5 Qc8 19. Qxh5 Ra7 20. Rad1 Kh7 21. f4 Bd8 22.
f5 Bxf5 23. exf5 f6 24. Nd3 Rg8 25. Rf1 g6 1-0

[Event "Ju Wenjun-B"]
[Site "Gatineau CAN"]
[Date "2023.12.05"]
[Round "6"]
[White "Matkovsky, Taras"]
[Black "Gagne, Raphael"]
[Result "1-0"]
[WhiteElo "1240"]
[BlackElo "1184"]
[PlyCount "94"]
[EventDate "2023.10.31"]
[EventType "swiss"]
[EventRounds "7"]
[EventCountry "CAN"]
[TimeControl "60+30"]

1. e4 c5 2. Nf3 Nc6 3. d4 cxd4 4. Nxd4 e5 5. Nb5 a6 6. Nd6+ Bxd6 7. Qxd6 Qe7 8.
Qd1 Nf6 9. Nc3 h6 10. Be2 d6 11. O-O Be6 12. Be3 Qd7 13. Nd5 Bxd5 14. exd5 Ne7
15. c4 Rc8 16. b4 b5 17. Qb3 Qb7 18. cxb5 axb5 19. a4 bxa4 20. Qxa4+ Qd7 21.
Bb5 Nc6 22. Bxc6 Rxc6 23. Qxc6 O-O 24. Qxd7 Nxd7 25. Rfb1 Rb8 26. b5 Kf8 27. b6
Ke8 28. b7 Kd8 29. Ba7 Kc7 30. Bxb8+ Nxb8 31. g4 f6 32. h4 g5 33. h5 e4 34. Kf1
Nd7 35. b8=Q+ Nxb8 36. Rxb8 Kxb8 37. Rc1 Kb7 38. Rc6 Kb8 39. Rxd6 f5 40. gxf5
Kc7 41. Re6 Kd7 42. f6 e3 43. fxe3 g4 44. f7 g3 45. f8=Q g2+ 46. Kxg2 Kc7 47.
Qf7+ Kd8 1-0

[Event "Ju Wenjun-B"]
[Site "Gatineau CAN"]
[Date "2023.12.05"]
[Round "6"]
[White "Simard, Paul"]
[Black "Laflamme, Mathieu"]
[Result "1-0"]
[WhiteElo "1274"]
[BlackElo "1375"]
[PlyCount "51"]
[EventDate "2023.10.31"]
[EventType "swiss"]
[EventRounds "7"]
[EventCountry "CAN"]

1. d4 d5 2. Nc3 Nf6 3. Bf4 Bf5 4. f3 e6 5. g4 Bg6 6. h4 h6 7. e3 Bd6 8. Nh3 Nc6
9. Bd3 Bxd3 10. Qxd3 Nb4 11. Qd2 Nd7 12. Bxd6 Qxh4+ 13. Nf2 Nxc2+ 14. Qxc2 Qg5
15. Bf4 Qe7 16. O-O-O O-O 17. Bxc7 Rfc8 18. Bf4 b5 19. a3 a5 20. Bxh6 gxh6 21.
Rxh6 Nf6 22. Rdh1 Kg7 23. Rh7+ Kf8 24. Rh8+ Kg7 25. R1h7+ Nxh7 26. Qxh7+ 1-0

[Event "Ju Wenjun-B"]
[Site "Gatineau CAN"]
[Date "2023.12.12"]
[Round "7"]
[White "Chenard, Paul"]
[Black "Gagnon, Daniel"]
[Result "0-1"]
[WhiteElo "927"]
[BlackElo "1279"]
[PlyCount "94"]
[EventDate "2023.10.31"]
[EventType "swiss"]
[EventRounds "7"]
[EventCountry "CAN"]

1. e4 e5 2. Nf3 Nc6 3. Bc4 h6 4. c3 Nf6 5. Qe2 Bc5 6. Bd5 O-O 7. b4 Bb6 8. Nh4
Nxd5 9. exd5 Nxb4 10. cxb4 Qxh4 11. g3 Qd4 12. Nc3 d6 13. Rf1 Qxb4 14. Rb1 Qg4
15. Ne4 Qxe2+ 16. Kxe2 f5 17. Nc3 f4 18. d3 f3+ 19. Ke1 Ba5 20. Bd2 b6 21. Nb5
Bf5 22. Rb3 Rf7 23. Rg1 a6 24. Nc3 Bxd3 25. Nd1 Bc4 26. Re3 Bxd2+ 27. Kxd2 Bxd5
28. Nc3 Bb7 29. g4 g6 30. g5 b5 31. Ne4 Bxe4 32. Rxe4 Re8 33. Rc1 d5 34. Ra4 a5
35. Rc6 Kg7 36. Ke3 Ree7 37. Rh4 Rf5 38. a4 e4 39. Rf4 Rxg5 40. Rff6 Rg2 41. h4
Rg4 42. Kd4 e3+ 43. Kd3 e2 44. Rc1 e1=Q 45. Rxe1 Rxe1 46. Kd2 Re2+ 47. Kd1 Rg1#
0-1

[Event "Ju Wenjun-B"]
[Site "Gatineau CAN"]
[Date "2023.12.12"]
[Round "7"]
[White "Gagne, Raphael"]
[Black "Ballan, Alexis"]
[Result "1-0"]
[WhiteElo "1184"]
[BlackElo "1330"]
[PlyCount "81"]
[EventDate "2023.10.31"]
[EventType "swiss"]
[EventRounds "7"]
[EventCountry "CAN"]
[TimeControl "60+30"]

1. d4 d5 2. Bf4 Bf5 3. e3 Nf6 4. Nf3 e6 5. c4 Bd6 6. Bxd6 Qxd6 7. Nc3 Qb4 8. a3
Qd6 9. c5 Qd8 10. Bd3 Bxd3 11. Qxd3 O-O 12. O-O c6 13. b4 Nbd7 14. Rab1 b5 15.
a4 a6 16. axb5 axb5 17. Ra1 h6 18. Nd2 Re8 19. Nb3 e5 20. Na5 Qc7 21. Ra2 e4
22. Qc2 Ng4 23. g3 h5 24. h3 Nh6 25. Rfa1 Nf6 26. Ra3 Qc8 27. Kg2 Nf5 28. Qa2
h4 29. g4 Ne7 30. Nxc6 Rxa3 31. Nxe7+ Rxe7 32. Qxa3 Qc6 33. Qa8+ Qxa8 34. Rxa8+
Kh7 35. Nxb5 Rb7 36. c6 Rxb5 37. c7 Rxb4 38. c8=Q Kg6 39. Qf5+ Kh6 40. Rh8+ Nh7
41. Rxh7# 1-0

[Event "Ju Wenjun-B"]
[Site "Gatineau CAN"]
[Date "2023.12.12"]
[Round "7"]
[White "Laflamme, Mathieu"]
[Black "Matkovsky, Taras"]
[Result "1-0"]
[WhiteElo "1375"]
[BlackElo "1240"]
[PlyCount "73"]
[EventDate "2023.10.31"]
[EventType "swiss"]
[EventRounds "7"]
[EventCountry "CAN"]
[TimeControl "1"]

1. d4 Nf6 2. c4 g6 3. g3 Bg7 4. Bg2 O-O 5. Nf3 d6 6. b3 Nc6 7. Bb2 Rb8 8. O-O
a6 9. d5 Na7 10. Nd4 b5 11. Qc2 bxc4 12. Qxc4 Nd7 13. Nc6 Nb6 14. Qc2 Nxc6 15.
Bxg7 Kxg7 16. Qxc6 Bb7 17. Qc3+ Kg8 18. e4 e6 19. Rd1 exd5 20. exd5 Re8 21. Na3
Re5 22. Rac1 Rc8 23. Nc4 Nxd5 24. Bxd5 Rxd5 25. Rxd5 Bxd5 26. Ne3 Ba8 27. Ng4
h5 28. Nf6+ Kf8 29. Nh7+ Kg8 30. Nf6+ Kf8 31. Re1 c5 32. Re8+ Qxe8 33. Nxe8
Rxe8 34. f4 Bc6 35. Kf2 Rd8 36. Qa5 Re8 37. Qxa6 1-0

[Event "Ju Wenjun-B"]
[Site "Gatineau CAN"]
[Date "2023.12.12"]
[Round "7"]
[White "Piche, Danielle"]
[Black "Arcand, Pierre"]
[Result "1/2-1/2"]
[WhiteElo "933"]
[BlackElo "1193"]
[PlyCount "125"]
[EventDate "2023.10.31"]
[EventType "swiss"]
[EventRounds "7"]
[EventCountry "CAN"]

1. d4 d5 2. Bf4 Nf6 3. Nf3 Nc6 4. e3 a6 5. a3 Bg4 6. c4 e6 7. Nc3 Bd6 8. Bg3
Bxg3 9. hxg3 Ne4 10. Bd3 Nxc3 11. bxc3 h6 12. cxd5 exd5 13. c4 dxc4 14. Bxc4
Qe7 15. O-O O-O-O 16. Qb3 Na5 17. Qc3 Nxc4 18. Qxc4 Bxf3 19. gxf3 Rd6 20. Qc5
b6 21. Qb4 Qd7 22. Rfc1 a5 23. Qc3 Kb8 24. d5 f6 25. e4 Rc8 26. a4 Ka7 27. g4
Qf7 28. Kg2 h5 29. Kg3 hxg4 30. fxg4 Qe7 31. f3 Qe5+ 32. Kf2 Qxc3 33. Rxc3 Kb7
34. Rh1 Rcd8 35. Rh7 R8d7 36. Kg3 g5 37. Rxd7 Rxd7 38. f4 Re7 39. Re3 Rh7 40.
fxg5 fxg5 41. e5 Re7 42. e6 Kc8 43. Re5 Kb7 44. Rxg5 Ka6 45. Rg8 b5 46. Ra8+
Kb6 47. Rb8+ Ka6 48. Ra8+ Kb6 49. g5 bxa4 50. g6 a3 51. Rb8+ Ka6 52. Rb1 Rg7
53. Kg4 Rxg6+ 54. Kf5 Rg8 55. Kf6 Rf8+ 56. Ke7 Rh8 57. d6 cxd6 58. Kxd6 Rd8+
59. Ke7 Rh8 60. Ra1 Rh7+ 61. Kd6 Rh2 62. Rxa3 Rd2+ 63. Ke7 1/2-1/2

[Event "Ju Wenjun-B"]
[Site "Gatineau CAN"]
[Date "2023.12.12"]
[Round "7"]
[White "Simard, Paul"]
[Black "Gagne, Learry"]
[Result "0-1"]
[WhiteElo "1274"]
[BlackElo "1238"]
[PlyCount "42"]
[EventDate "2023.10.31"]
[EventType "swiss"]
[EventRounds "7"]
[EventCountry "CAN"]

1. d4 Nf6 2. Nc3 e6 3. Bf4 Bb4 4. Nf3 Ne4 5. Qd3 Bxc3+ 6. bxc3 d5 7. e3 O-O 8.
Be2 b6 9. O-O Ba6 10. Qd1 Nxc3 11. Qd2 Nxe2+ 12. Kh1 Nxf4 13. exf4 Bxf1 14.
Rxf1 Nd7 15. Qd3 Nf6 16. h3 Qd6 17. Ng5 Qxf4 18. Nf3 c5 19. c3 cxd4 20. Nxd4
Ne4 21. Kg1 Rac8 0-1

[Event "Langley Rapid"]
[Site "Langley CAN"]
[Date "2023.10.21"]
[Round "1.1"]
[White "Nunez Asencio, Jorge"]
[Black "Wu, Bowen"]
[Result "1-0"]
[WhiteElo "2252"]
[BlackElo "1586"]
[PlyCount "107"]
[EventDate "2023.10.21"]
[EventType "swiss (rapid)"]
[EventRounds "6"]
[EventCountry "CAN"]

1. d4 Nf6 2. Bg5 Ne4 3. Bf4 d5 4. e3 Nc6 5. Nf3 Bg4 6. c4 e6 7. Nc3 Bb4 8. Rc1
Qd7 9. h3 Bxf3 10. Qxf3 Nxc3 11. bxc3 Bd6 12. cxd5 exd5 13. Qxd5 Bxf4 14. Qxd7+
Kxd7 15. exf4 Rhe8+ 16. Kd2 Ne7 17. Bc4 f6 18. Rb1 b6 19. Rhe1 c6 20. Bf7 Rf8
21. Bb3 Nd5 22. Bxd5 cxd5 23. f5 Rfe8 24. g4 Rac8 25. Kd3 Rc4 26. Rxe8 Kxe8 27.
Re1+ Kd7 28. Kc2 b5 29. a3 a5 30. Kb3 a4+ 31. Kc2 Rc6 32. f4 Rb6 33. h4 h6 34.
Kd3 Rc6 35. g5 h5 36. Rg1 Ke8 37. gxf6 Rxf6 38. Rxg7 Rxf5 39. Ke3 Rf6 40. Rg5
Rc6 41. Kd3 Rf6 42. Rxd5 Rxf4 43. Rxh5 Rf3+ 44. Kd2 Rf2+ 45. Ke3 Rc2 46. Kd3
Ra2 47. Rxb5 Rxa3 48. Ra5 Ra2 49. Ra7 a3 50. Kc4 Rh2 51. Rxa3 Rxh4 52. Ra7 Rh5
53. d5 Kd8 54. Kc5 1-0

[Event "Langley Rapid"]
[Site "Langley CAN"]
[Date "2023.10.21"]
[Round "1.2"]
[White "Trenton, Issac"]
[Black "Liu, Zachary"]
[Result "0-1"]
[WhiteElo "1549"]
[BlackElo "2172"]
[PlyCount "110"]
[EventDate "2023.10.21"]
[EventType "swiss (rapid)"]
[EventRounds "6"]
[EventCountry "CAN"]

1. e4 d6 2. Nc3 g6 3. d4 Bg7 4. f4 Nd7 5. Nf3 c5 6. d5 a6 7. Bd3 b5 8. O-O Bb7
9. Qe1 Nb6 10. Rb1 Nf6 11. b3 O-O 12. f5 Nbd7 13. fxg6 hxg6 14. Bg5 Nh7 15. Bd2
Ne5 16. Nxe5 Bxe5 17. Bh6 Re8 18. Ne2 Qd7 19. c4 b4 20. Qf2 Nf6 21. Bf4 Ng4 22.
Qe1 Bxf4 23. Nxf4 Ne5 24. Qg3 Qg4 25. Qxg4 Nxg4 26. Be2 Ne5 27. Nd3 Nd7 28. Rf2
f6 29. Bg4 Bc8 30. Nf4 Ne5 31. Bxc8 Raxc8 32. Ne6 a5 33. a3 bxa3 34. Ra2 a4 35.
Rxa3 axb3 36. Raxb3 Nxc4 37. Rb7 Kf7 38. Kf2 Nd2 39. Re1 Rb8 40. Rxb8 Rxb8 41.
Ke3 Nc4+ 42. Kd3 Ne5+ 43. Kc3 Rh8 44. h3 Ra8 45. Kb3 Rb8+ 46. Kc3 c4 47. Kc2
Rb3 48. Rb1 Rg3 49. Nd8+ Ke8 50. Nc6 Rxg2+ 51. Kc3 Rg3+ 52. Kb4 Rxh3 53. Nxe5
dxe5 54. Kxc4 Re3 55. Rb8+ Kf7 0-1

[Event "Langley Rapid"]
[Site "Langley CAN"]
[Date "2023.10.21"]
[Round "1.3"]
[White "Chen, Zhengyu"]
[Black "Anderson, Garth"]
[Result "1-0"]
[WhiteElo "1719"]
[BlackElo "1543"]
[PlyCount "75"]
[EventDate "2023.10.21"]
[EventType "swiss (rapid)"]
[EventRounds "6"]
[EventCountry "CAN"]

1. e4 c6 2. d4 d5 3. exd5 cxd5 4. Bd3 Nc6 5. c3 Qc7 6. Ne2 e6 7. Bf4 Bd6 8.
Bxd6 Qxd6 9. O-O Nge7 10. Qd2 Bd7 11. Na3 a6 12. Qf4 Qxf4 13. Nxf4 O-O 14. Rfe1
b5 15. Nc2 Na5 16. Ne3 Nc4 17. b3 Nxe3 18. Rxe3 Rac8 19. Rae1 Ng6 20. Bxg6 hxg6
21. Rc1 b4 22. Nd3 Rxc3 23. Rxc3 bxc3 24. Nc5 c2 25. Rc3 Rc8 26. Rxc2 Bb5 27.
f4 a5 28. a4 Bd3 29. Rc3 Bf5 30. Kf2 f6 31. Kf3 g5 32. fxg5 fxg5 33. g4 Be4+
34. Ke3 Bg2 35. Kf2 Bh1 36. Kg1 e5 37. Kxh1 e4 38. Nxe4 1-0

[Event "Langley Rapid"]
[Site "Langley CAN"]
[Date "2023.10.21"]
[Round "2.1"]
[White "Ortiz, Bhell"]
[Black "Nunez Asencio, Jorge"]
[Result "0-1"]
[WhiteElo "1701"]
[BlackElo "2252"]
[PlyCount "71"]
[EventDate "2023.10.21"]
[EventType "swiss (rapid)"]
[EventRounds "6"]
[EventCountry "CAN"]

1. Nf3 d5 2. d4 Nf6 3. g3 Bf5 4. Bg2 e6 5. O-O h6 6. c4 c6 7. Nc3 Nbd7 8. b3
Be7 9. Bb2 O-O 10. Rc1 a5 11. cxd5 exd5 12. Na4 Ne4 13. Ne5 Re8 14. Nxd7 Bxd7
15. f3 Nd6 16. Nc5 Bf6 17. e4 dxe4 18. fxe4 Bg5 19. Rc2 Bc8 20. Re1 Nb5 21. a4
Nc7 22. Rf2 Na6 23. Nd3 Be6 24. Nf4 Nb4 25. Nxe6 Rxe6 26. Bc3 Qb6 27. h4 Bf6
28. Bh3 Ree8 29. e5 Nd5 30. Ba1 Be7 31. Qf3 Rf8 32. Bb2 Bb4 33. Ref1 Rae8 34.
Bf5 Qd8 35. Bc2 f5 36. Bxf5 0-1

[Event "Langley Rapid"]
[Site "Langley CAN"]
[Date "2023.10.21"]
[Round "2.2"]
[White "Liu, Zachary"]
[Black "Celhay, Olivier"]
[Result "1-0"]
[WhiteElo "2172"]
[BlackElo "1696"]
[PlyCount "66"]
[EventDate "2023.10.21"]
[EventType "swiss (rapid)"]
[EventRounds "6"]
[EventCountry "CAN"]

1. e4 c6 2. d3 d5 3. Nd2 e5 4. g3 Nf6 5. Bg2 Bc5 6. Ngf3 Qd6 7. O-O O-O 8. Re1
Re8 9. exd5 cxd5 10. d4 exd4 11. Rxe8+ Nxe8 12. Nb3 Bg4 13. Bf4 Qb6 14. Qe1 Nc6
15. Rd1 Nf6 16. Nxc5 Qxc5 17. Qd2 Re8 18. h3 Bh5 19. g4 Ne4 20. Qe2 Bg6 21. Re1
Re6 22. Nh4 Nb4 23. Nxg6 hxg6 24. a3 Nxc2 25. b4 Qc4 26. Qxc4 dxc4 27. Rxe4
Rxe4 28. Bxe4 Nxa3 29. Kf1 d3 30. Bc1 Nc2 31. Bd2 Nd4 32. Bxb7 Nb5 33. Ke1 c3
1-0

[Event "Langley Rapid"]
[Site "Langley CAN"]
[Date "2023.10.21"]
[Round "2.3"]
[White "Ortiz, Orven"]
[Black "Chen, Zhengyu"]
[Result "1/2-1/2"]
[WhiteElo "1630"]
[BlackElo "1719"]
[PlyCount "92"]
[EventDate "2023.10.21"]
[EventType "swiss (rapid)"]
[EventRounds "6"]
[EventCountry "CAN"]

1. Nf3 Nf6 2. g3 d5 3. Bg2 Bf5 4. O-O e6 5. b3 Be7 6. Bb2 O-O 7. d3 c5 8. Ne5
Nbd7 9. Nxd7 Qxd7 10. c4 Rfd8 11. Nc3 d4 12. Ne4 e5 13. Nxf6+ Bxf6 14. Qd2 Bh3
15. b4 Bxg2 16. Kxg2 Qc6+ 17. f3 Rac8 18. Rab1 Be7 19. Ba3 Qa6 20. Rb3 b6 21.
Rfb1 h5 22. h4 Qb7 23. bxc5 Bxc5 24. Bxc5 Rxc5 25. Qg5 Rdc8 26. Qxh5 Ra5 27.
R1b2 Qa6 28. Qf5 Rcc5 29. Qd7 Rxa2 30. Qe8+ Kh7 31. Qxf7 Rxb2 32. Qf5+ Kh8 33.
Qf8+ Kh7 34. Qf5+ Kh8 35. Rxb2 Qa1 36. Rd2 Qc1 37. Qg5 e4 38. Qd8+ Kh7 39. Ra2
exf3+ 40. exf3 Qe3 41. Rxa7 Qe2+ 42. Kh3 Qe6+ 43. g4 Qe2 44. Qf8 Qf1+ 45. Kg3
Qg1+ 46. Kh3 Qh1+ 1/2-1/2

[Event "Langley Rapid"]
[Site "Langley CAN"]
[Date "2023.10.21"]
[Round "2.4"]
[White "Sooriarachchi, Nethaji"]
[Black "Elbably, Karim"]
[Result "0-1"]
[WhiteElo "1347"]
[BlackElo "1151"]
[PlyCount "97"]
[EventDate "2023.10.21"]
[EventType "swiss (rapid)"]
[EventRounds "6"]
[EventCountry "CAN"]

1. Nf3 Nf6 2. d4 g6 3. Bf4 Bg7 4. e3 O-O 5. Nbd2 d6 6. Bc4 Nbd7 7. c3 b6 8. O-O
Bb7 9. Qb3 Nh5 10. Bg3 e6 11. Bh4 Qe8 12. Rfe1 d5 13. Bb5 c6 14. Be2 f5 15. Qb4
f4 16. Ng5 h6 17. Nh3 g5 18. Qd6 gxh4 19. Bxh5 Qxh5 20. Qxd7 Qf7 21. Qxf7+ Rxf7
22. Nxf4 Rf6 23. Nf3 Raf8 24. Nxh4 Kh7 25. Nf3 c5 26. Ne5 Rf5 27. Nxe6 Re8 28.
Nxg7 Kxg7 29. f4 Re7 30. Rf1 Kf6 31. Rf3 Rg7 32. Rh3 h5 33. Rf1 Ba6 34. Rff3
Ke6 35. Rfg3 Rh7 36. Rg6+ Ke7 37. Rhg3 Rh8 38. Rg7+ Ke8 39. Rxa7 Be2 40. Ra8+
Ke7 41. Rxh8 Kf6 42. Rg6+ Ke7 43. Rh7+ Kf8 44. Rxb6 Kg8 45. Rd7 Rf8 46. Rg6+
Kh8 47. Rh6+ Kg8 48. Ng6 Rf6 49. Rh8# 0-1

[Event "Langley Rapid"]
[Site "Langley CAN"]
[Date "2023.10.21"]
[Round "2.5"]
[White "Shahidi, Mohammad Rez"]
[Black "Jobin, Ren"]
[Result "1-0"]
[WhiteElo "930"]
[BlackElo "727"]
[PlyCount "59"]
[EventDate "2023.10.21"]
[EventType "swiss (rapid)"]
[EventRounds "6"]
[EventCountry "CAN"]

1. d4 d5 2. Bf4 Nc6 3. e3 Nf6 4. Bd3 e6 5. c3 Bd6 6. Bg5 e5 7. Nd2 e4 8. Bb5
O-O 9. Ne2 a6 10. Ba4 h6 11. Bh4 g5 12. Bg3 Nh5 13. f4 Nxg3 14. hxg3 b5 15. Bc2
Kh7 16. Nxe4 gxf4 17. Nxd6+ Kg8 18. Qd3 f5 19. Rh2 h5 20. Rxh5 cxd6 21. Rh6 b4
22. gxf4 bxc3 23. O-O-O Rf6 24. Nxc3 Nb4 25. Rh5 Qe8 26. Qe2 Kf7 27. Rdh1 Nc6
28. a3 Re6 29. Nxd5 Kg6 30. Rh7 1-0

[Event "Langley Rapid"]
[Site "Langley CAN"]
[Date "2023.10.21"]
[Round "3.1"]
[White "Nunez Asencio, Jorge"]
[Black "Liu, Zachary"]
[Result "1-0"]
[WhiteElo "2252"]
[BlackElo "2172"]
[PlyCount "45"]
[EventDate "2023.10.21"]
[EventType "swiss (rapid)"]
[EventRounds "6"]
[EventCountry "CAN"]

1. d4 f5 2. Bf4 Nf6 3. e3 e6 4. h3 Be7 5. Bd3 d5 6. Nd2 O-O 7. Ngf3 Nbd7 8. g4
g6 9. gxf5 exf5 10. Qe2 Ne4 11. h4 c5 12. h5 c4 13. Nxc4 g5 14. Rg1 dxc4 15.
Bxe4 fxe4 16. Nxg5 Bxg5 17. Bxg5 Qa5+ 18. c3 Kh8 19. Be7 Rg8 20. Rxg8+ Kxg8 21.
Qxc4+ Kh8 22. Qf7 Qa6 23. O-O-O 1-0

[Event "Langley Rapid"]
[Site "Langley CAN"]
[Date "2023.10.21"]
[Round "3.2"]
[White "Nayebi, Mani"]
[Black "Ortiz, Orven"]
[Result "0-1"]
[WhiteElo "1419"]
[BlackElo "1630"]
[PlyCount "96"]
[EventDate "2023.10.21"]
[EventType "swiss (rapid)"]
[EventRounds "6"]
[EventCountry "CAN"]

1. d4 Nf6 2. c4 g6 3. Nc3 Bg7 4. e4 d6 5. h3 a6 6. Nf3 O-O 7. Be3 Nfd7 8. Qd2
Nc6 9. Be2 e5 10. d5 Ne7 11. Bh6 Nf6 12. O-O-O Bd7 13. h4 Bxh6 14. Qxh6 Ng4 15.
Qd2 Nxf2 16. h5 Nxd1 17. hxg6 fxg6 18. Qh6 Rf7 19. Ng5 Qf8 20. Nxf7 Qxf7 21.
Kxd1 Qg7 22. Qe3 b6 23. Kd2 Rf8 24. Kc2 Rf4 25. Bf3 Qf6 26. Qe1 Qf8 27. Ne2 Rf7
28. Qd2 Qg7 29. b3 Qf6 30. Qh6 Qg7 31. Qd2 g5 32. Ng3 g4 33. Be2 Ng6 34. Nh5
Qf8 35. g3 Rf2 36. Kd3 Qf7 37. Qh6 b5 38. Ke3 bxc4 39. bxc4 Qf8 40. Qg5 Qf7 41.
Qh6 Qf8 42. Qg5 Rf7 43. Bxg4 Bxg4 44. Qxg4 Qb8 45. Qe2 Qb6+ 46. Kd2 Rf2 47.
Nf6+ Rxf6 48. Qf2 Rxf2+ 0-1

[Event "Langley Rapid"]
[Site "Langley CAN"]
[Date "2023.10.21"]
[Round "3.3"]
[White "Chen, Zhengyu"]
[Black "Ortiz, Bhell"]
[Result "0-1"]
[WhiteElo "1719"]
[BlackElo "1701"]
[PlyCount "144"]
[EventDate "2023.10.21"]
[EventType "swiss (rapid)"]
[EventRounds "6"]
[EventCountry "CAN"]

1. e4 c5 2. Nc3 Nc6 3. Bb5 e6 4. f4 Nge7 5. Nf3 g6 6. e5 d5 7. exd6 Nf5 8. Ne5
Qh4+ 9. Ke2 Nfd4+ 10. Ke3 Bxd6 11. g3 Qd8 12. d3 O-O 13. Bxc6 bxc6 14. Ne4 f6
15. Nc4 Be7 16. c3 Nf5+ 17. Kd2 Ba6 18. Kc2 Qd7 19. g4 Ng7 20. Be3 Qd5 21. Ned2
Rad8 22. Qe2 e5 23. fxe5 fxe5 24. Rad1 Ne6 25. Rhf1 Bf6 26. Ne4 Bg7 27. Rxf8+
Rxf8 28. b3 Nf4 29. Bxf4 Rxf4 30. Ncd6 Bf8 31. Ne8 Be7 32. Nc7 Bxd3+ 33. Rxd3
Qxe4 34. Qd2 Rf3 35. Ne6 Qxd3+ 36. Qxd3 Rxd3 37. Kxd3 Kf7 38. Nc7 Bd6 39. Na6
Ke6 40. Ke4 Kd7 41. h4 Kc8 42. b4 cxb4 43. Nxb4 Kd7 44. Nd3 Ke6 45. c4 a5 46.
g5 a4 47. Nf2 Bb4 48. Ng4 Be1 49. Nf6 Bxh4 50. Nxh7 Kd6 51. Nf8 Bxg5 52. Nxg6
Bf6 53. Kd3 Ke6 54. Ke4 Kd6 55. Kd3 Kc5 56. Nf8 Kd6 57. Ng6 Kc5 58. Ke4 Kd6 59.
Kd3 Kc5 60. Ke4 Kd6 61. Nf8 Ke7 62. Kd3 Kd6 63. Ng6 Kc5 64. Nf8 Kd6 65. Ng6 Kc5
66. Nf8 Kd6 67. Ng6 Ke6 68. Nf8+ Ke7 69. Ng6+ Kf7 70. Nxe5+ Bxe5 71. Ke4 Ke6
72. c5 Bb2 0-1